00226nam a2200085Ia 4500008004100000100001400041245002900055260003600084650002000120190216s9999||||xx |||||||||||||| ||und|| aViswanath 0aAdunika Gadya Mathrgakal bCalicut University Publications aEssay Malayalam